| 000 | 00000cas 2200000zi 4500 |
| 001 | 9.900458 |
| 003 | CaOODSP |
| 005 | 20251205135733 |
| 006 | m o d f |
| 007 | cr cn |||||||| |
| 008 | 210604c20199999onctr p o f0###a0eng|d |
| 022 | |a2816-6612 |
| 040 | |aCaOODSP|beng|erda|cCaOODSP |
| 043 | |an-cn--- |
| 086 | 1 |aPS107-1E-PDF |
| 110 | 2 |aNational Security and Intelligence Review Agency (Canada)|eauthor, |eissuing body. |
| 222 | 0|aQuarterly financial report for the quarter ended ... |b(National Security and Intelligence Review Agency (Canada)) |
| 245 | 10|aQuarterly financial report for the quarter ended ... |
| 246 | 13|aQuarterly financial report |
| 264 | 1|a[Ottawa] : |bNational Security and Intelligence Review Agency, |c[2019]- |
| 310 | |aThree times a year |
| 336 | |atext|btxt|2rdacontent |
| 337 | |acomputer|bc|2rdamedia |
| 338 | |aonline resource|bcr|2rdacarrier |
| 362 | 1 |aBegan with: September 30, 2019. |
| 500 | |aIssued also in French under title: Rapport financier trimestriel pour le trimestre se terminant le ... |
| 588 | |aDescription based on: September 30, 2019; title from PDF caption. |
| 588 | |aLatest issue consulted: June 30th, 2025. |
| 610 | 20|aNational Security and Intelligence Review Agency (Canada)|xAppropriations and expenditures|vPeriodicals. |
| 650 | 0|aFinance, Public|zCanada|vPeriodicals. |
| 655 | 7|aPeriodicals|2lcgft |
| 775 | 08|tRapport financier trimestriel pour le trimestre se terminant le ...|w(CaOODSP)9.900473 |